[Event "Voronezh op-A"]
[Site "Voronezh"]
[Date "2006.06.16"]
[Round "5"]
[White "Elizarov, Andrey"]
[Black "Koreschikov, Maxim"]
[Result "0-1"]
[WhiteElo "2366"]
[BlackElo "2248"]
[PlyCount "84"]
[EventDate "2006.06.12"]
[EventType "swiss"]
[EventRounds "9"]
[EventCountry "RUS"]
[SourceTitle "CBM 112 Extra"]
[Source "ChessBase"]
[SourceDate "2006.07.14"]
[SourceVersion "1"]
[SourceVersionDate "2006.07.14"]
[SourceQuality "1"]

1. e4 c5 2. Nf3 Nc6 3. d4 cxd4 4. Nxd4 e5 5. Nb5 d6 6. c4 Be7 7. N1c3 a6 8. Na3 Be6 9. Bd3 Bg5 10. 0-0 Bxc1 11. Rxc1 Nge7 12. Nc2 0-0 13. Nd5 Ng6 14. b4 Qg5 15. Kh1 Nf4 16. Nde3 g6 17. Re1 f5 18. exf5 gxf5 19. Bf1 Rad8 20. Nd5 Bxd5 21. cxd5 Ne7 22. Qd2 Kh8 23. g3 Rg8 24. h4 Qf6 25. Ne3 Neg6 26. Ng2 Nxg2 27. Bxg2 f4 28. Rc3 Rg7 29. Bh3 Ne7 30. gxf4 Nf5 31. fxe5 Qxh4 32. Rg1 Qe4+ 33. f3 Rxg1+ 34. Kxg1 Rg8+ 35. Kh2 Qh4 36. f4 Nh6 37. exd6 Ng4+ 38. Kg2 Ne3+ 39. Kf3 Qxh3+ 40. Ke4 Re8+ 41. Kd4 Nf5+ 42. Kc5 Qh6 0-1